00678nam a2200181 i 450000100060000000300090000600500170001500700030003200800410003510000410007624501640011726000620028130000220034360000510036570000200041671000390043685200210047570075ES-MaACL20250809063503.0t|040716s1917 sp ||||1| spa d1 aGarcía Morente, Manuel,d1886-194213aLa filosofía de Henri Bergson / cpor Manuel G. Morente ; con el discurso pronunciado por M. Bergson en la Residencia de Estudiantes, el 1º de mayo de 1916. aMadrid : bResidencia de Estudiantes, c1917 (fFortanet) a150 p. ; c19 cm.14aBergson, Henri-xCrítica e interpretación.1 aBergson, Henri.2 aResidencia de Estudiantes (Madrid) aES-MaACLjF-6950